000 00500nam a22001817a 4500
999 _c6454
_d6454
003 GBCCL
005 20241126110603.0
008 180515b ||||| |||| 00| 0 eng d
040 _cgbc
082 _a227.8307
_bPER
100 _aPerdue, Cary M.
_911552
245 _a1 Timothy explained /
_cCary M. Perdue
260 _bO.M.F. Publishers,
_aManila:
_c1975
300 _a94 p.;
_c21 cm.
440 _aChristian helps
_911555
650 _aBible
_vTimothy, 1st
_xCommentaries
_911556
942 _2ddc
_cBK
_05